Rodrigo el Campeador (Record no. 158584)

MARC details
000 -LEADER
campo de control de longitud fija 00885nam a2200229 i 4500
001 - NÚMERO DE CONTROL
campo de control 158584
003 - IDENTIFICADOR DE NÚMERO DE CONTROL
campo de control ES-MaACL
005 - FECHA Y HORA DE LA ÚLTIMA TRANSACCIÓN
campo de control 20250805050325.0
008 - DATOS DE LONGITUD FIJA--INFORMACIÓN GENERAL
campo de control de longitud fija 950111s1857 sp ab |||| |bspa d
100 1# - ENTRADA PRINCIPAL--NOMBRE DE PERSONA
Nombre de persona Malo de Molina, Manuel,
Fechas asociadas al nombre 1819?-1863
9 (RLIN) 167431
245 10 - MENCIÓN DEL TÍTULO
Título Rodrigo el Campeador
Resto del título : estudio histórico fundado en las noticias que sobre este héroe facilitan las crónicas y memorias árabes /
Mención de responsabilidad, etc. por Manuel Malo de Molina.
260 ## - PUBLICACIÓN, DISTRIBUCIÓN, ETC.
Lugar de publicación, distribución, etc. Madrid :
Nombre del editor, distribuidor, etc. [s.n.],
Fecha de publicación, distribución, etc. 1857 (
Fabricante Imp. Real)
300 ## - DESCRIPCIÓN FÍSICA
Extensión XLVII, 154, 179 p., [1] mapa pleg. ;
Dimensiones 23 cm.
500 ## - NOTA GENERAL
Nota general Apendices, p. 1-179.
597 ## - NOTA DE DESCRIPCIÓN FÍSICA
NOTA DE DESCRIPCIÓN FÍSICA Antep.
597 ## - NOTA DE DESCRIPCIÓN FÍSICA
NOTA DE DESCRIPCIÓN FÍSICA Port. a dos tintas.
599 ## - NOTA A LAS ILUSTRACIONES
NOTA A LAS ILUSTRACIONES Mapa pleg.: "Lit. de Peñuelas" de la ciudad y huerta de Valencia.
599 ## - NOTA A LAS ILUSTRACIONES
NOTA A LAS ILUSTRACIONES Esc. real xil. en port.
600 04 - PUNTO DE ACCESO ADICIONAL DE MATERIA--NOMBRE DE PERSONA
Nombre de persona El Cid
9 (RLIN) 46886
852 ## - LOCALIZACIÓN
Ubicación ES-MaACL
Número de control de estantería B-5481
Nota libre - Enc. pasta española
Holdings
Estatus retirado Estado de pérdida Estado de daño No para préstamo Colección Biblioteca de origen Biblioteca actual Ubicación en estantería Fecha de adquisición Fuente de adquisición Total de préstamos Signatura topográfica completa Código de barras Visto por última vez Precio de reemplazo Tipo de ítem Koha
        Libros del s. XIX Biblioteca del Ateneo de Madrid Biblioteca del Ateneo de Madrid Sala Pardo Bazán 17/01/2008     B-5481 1165987 23/02/2023 23/02/2023 Libro impreso antiguo